The visual dictionary of flight/ (Record no. 447)

MARC details
000 -LEADER
fixed length control field 01359pam a2200361 a 4500
005 - DATE AND TIME OF LATEST TRANSACTION
control field 20260322212020.0
008 - FIXED-LENGTH DATA ELEMENTS--GENERAL INFORMATION
fixed length control field data
010 ## - LIBRARY OF CONGRESS CONTROL NUMBER
LC control number 92007670
020 ## - INTERNATIONAL STANDARD BOOK NUMBER
International Standard Book Number 1564581012
020 ## - INTERNATIONAL STANDARD BOOK NUMBER
International Standard Book Number 9781564581013
040 ## - CATALOGING SOURCE
Original cataloging agency DLC
Transcribing agency DLC
Modifying agency DLC
042 ## - AUTHENTICATION CODE
Authentication code lcac
050 00 - LIBRARY OF CONGRESS CALL NUMBER
Classification number TL547
Item number .E85 1992
082 00 - DEWEY DECIMAL CLASSIFICATION NUMBER
Classification number 629.133/03
Edition information 20
092 ## - LOCALLY ASSIGNED DEWEY CALL NUMBER (OCLC)
Classification number 629 Vis 1992
001 - CONTROL NUMBER
control field data
245 14 - TITLE STATEMENT
Title The visual dictionary of flight/
Statement of responsibility, etc. Dorling Kindersley, Inc.
246 30 - VARYING FORM OF TITLE
Title proper/short title Flight
250 ## - EDITION STATEMENT
Edition statement 1st American ed.
260 ## - PUBLICATION, DISTRIBUTION, ETC.
Place of publication, distribution, etc. Boston, Mass. :
-- New York :
Name of publisher, distributor, etc. Distributed by Houghton Mifflin Co.,
Place of publication, distribution, etc. Boston, Mass. :
Name of publisher, distributor, etc. Distributed by Houghton Mifflin Co.,
Date of publication, distribution, etc. 1992.
300 ## - PHYSICAL DESCRIPTION
Extent 64 p. :
Other physical details col. ill., col. map ;
Dimensions 32 cm.
440 #0 - SERIES STATEMENT/ADDED ENTRY--TITLE
Title Eyewitness visual dictionaries
500 ## - GENERAL NOTE
General note Includes index.
520 ## - SUMMARY, ETC.
Summary, etc. Text and labeled illustrations depict a variety of historic and modern aircraft and their components, as well as aviation-related equipment.
650 #0 - SUBJECT ADDED ENTRY--TOPICAL TERM
Topical term or geographic name entry element Airplanes
General subdivision Juvenile literature.
-- Juvenile literature.
650 #0 - SUBJECT ADDED ENTRY--TOPICAL TERM
Topical term or geographic name entry element Airplanes
General subdivision Juvenile literature.
-- Juvenile literature.
650 #0 - SUBJECT ADDED ENTRY--TOPICAL TERM
Topical term or geographic name entry element Aeronautics
General subdivision Juvenile literature.
-- Juvenile literature.
650 #0 - SUBJECT ADDED ENTRY--TOPICAL TERM
Topical term or geographic name entry element Aeronautics
General subdivision Juvenile literature.
-- Juvenile literature.
650 #0 - SUBJECT ADDED ENTRY--TOPICAL TERM
Topical term or geographic name entry element Picture dictionaries, English
General subdivision Juvenile literature.
650 #1 - SUBJECT ADDED ENTRY--TOPICAL TERM
Topical term or geographic name entry element Airplanes.
650 #1 - SUBJECT ADDED ENTRY--TOPICAL TERM
Topical term or geographic name entry element Aeronautics.
720 2# - ADDED ENTRY--UNCONTROLLED NAME
Name Dorling Kindersley, Inc.
Holdings
Withdrawn status Lost status Damaged status Not for loan Home library Current library Shelving location Date acquired Total checkouts Full call number Barcode Date last seen Price effective from Koha item type
        Centerville Centerville General stacks 22/03/2026   629.133/03 20 BC0010458 22/03/2026 22/03/2026 Books